| 000 | nam a22 7a 4500 | ||
|---|---|---|---|
| 999 |
_c219636 _d219636 |
||
| 003 | ASAB | ||
| 005 | 20170216095132.0 | ||
| 008 | 170216b xxu||||| |||| 00| 0 eng d | ||
| 020 | _a978-1-4200-8448-1 | ||
| 040 | _cASAB | ||
| 082 | _a660.6 | ||
| 245 |
_abiotechnology a comprehensive training guide for the biotechnology industry _csyed imtiaz haider and anika ashok |
||
| 246 | _abiotechnology | ||
| 260 |
_anew york _bcbc press _cc2009 |
||
| 300 | _a834 p | ||
| 942 |
_2ddc _cBK |
||